UBT Library

A necessary evil? : (Record no. 44822)

000 -LEADER
fixed length control field 00852cam a2200253 a 4500
001 - CONTROL NUMBER
control field 2559350
005 - DATE AND TIME OF LATEST TRANSACTION
control field 20180313045556.0
008 - FIXED-LENGTH DATA ELEMENTS--GENERAL INFORMATION
fixed length control field 950210s1995 wiu b 001 0 eng
010 ## - LIBRARY OF CONGRESS CONTROL NUMBER
LC control number 95009711
020 ## - INTERNATIONAL STANDARD BOOK NUMBER
International Standard Book Number 0945612168 (cloth)
020 ## - INTERNATIONAL STANDARD BOOK NUMBER
International Standard Book Number 0945612338 (paper)
040 ## - CATALOGING SOURCE
Original cataloging agency DLC
Transcribing agency DLC
Modifying agency DLC
041 ## - LANGUAGE CODE
Language code of text/sound track or separate title eng
043 ## - GEOGRAPHIC AREA CODE
Geographic area code n-us---
080 ## - UNIVERSAL DECIMAL CLASSIFICATION NUMBER
Universal Decimal Classification number 326.0973
082 00 - DEWEY DECIMAL CLASSIFICATION NUMBER
Classification number 326.0973 KAM
Edition number 20
100 ## - Rafti
Rafti 20
101 ## - Shkurtesa
Shkurtesa SHP
245 02 - TITLE STATEMENT
Title A necessary evil? :
Statement of responsibility, etc edited by John P. Kaminski.
504 ## - BIBLIOGRAPHY, ETC. NOTE
Bibliography, etc Includes bibliographical references (p. [279]-282) and index.
906 ## - LOCAL DATA ELEMENT F, LDF (RLIN)
a 7
b cbc
c orignew
d 1
e ocip
f 19
g y-gencatlg
942 ## - ADDED ENTRY ELEMENTS (KOHA)
Source of classification or shelving scheme
Item type Books
Holdings
Withdrawn status Lost status Source of classification or shelving scheme Damaged status Not for loan Collection code Permanent location Current location Shelving location Date acquired Total Checkouts Full call number Barcode Date last seen Price effective from Koha item type
          Koleksioni i përgjithshem UBT - Lipjan UBT - Lipjan Koleksioni i përgjithshem 03/13/2018   326.0973 KAM 002-3002186 03/13/2018 03/13/2018 Books
UBT Library © 2015-2024. All rights reserved University Education for Business and Technology